Statystyki dla Five Nights at Freddy's

Kliknij tutaj aby rozwiązać quiz!

Ogólne statystyki

  • Ten quiz został rozwiązany 452 razy
  • Średni wynik to 16 z 25

Statystyki odpowiedzi

ZagadnienieOdpowiedź% Poprawnych
Który zestaw animatroników znajduję się we FNaF 1Freedy/Chica/Foxy/Bonnie/Golden Freedy
92%
Kto znajduje się w SpringTrapie?William
89%
Ile dzieci zabił Purple Guy?6
86%
Jak prawdopodobnie ma na imię dziewczynka, która znajduje się w Golden Freddim?Cassidy
83%
Kto znajduję się w Marionetce?Córka Henrego
83%
Co stało się w 1983?Dzieciak zginął w szczęce Fredbeara
82%
Na czym polegało The Bite of 87'?Któryś animatronik odgryzł stróżowi nocnemu płat czołowy
80%
Ile dzieci miał William?3
78%
Czym był Paragraf 4?Zebranie i spalenie wszystkich animatroników
76%
W którym roku dzieje się akcja FNaF'a 2?1987
74%
Co to jest remnant?Płyn, który pozwala ci żyć bez konieczności posiadania ciała
74%
Kim byli dla siebie William i Henry?Przyjaciółmi
74%
Kim był Lefty?Więzieniem dla Marionettki
72%
Jaki tekst jest mottem SpringTrapa"I always come back"
70%
Czym najprawdopodobniej jest biuro z UCN?Więzieniem
66%
Przez ile lat Springtrap był uwięziony w safe roomie?30
62%
Dlaczego dziecko z FNaF'a 4 widzi okropne animatroniki?Ponieważ jest w śpiączce
61%
Kto wyruszył na poszukiwanie SpringTrapa?Mike
60%
Dlaczego część fandomu FNaF'a uważało, że Marionetka jest matką zabitych dzieci?Za sprawą piosenki "It's been so long"
56%
Jaki animatronik był ulubionym Phone Guya?Foxy
52%
Jakie zadanie miały roboty w Afton's Robotics?Zabijać dzieci
50%
Kim byli ShadowBonnie i ShadowFreedy?Zabitymi pracownikami, którzy zgineli w kostiumach SpringBonniego i Fredbera
44%
Dlaczego morderca dzieci zatrzasnął się w SpringBonnim?przez deszcz
32%
Czy pizzeria z FNaF'a 1 była prawdziwa?nie
21%
Czy Mike nadal żyje?Nie, ponieważ ma w sobie remnant
14%

Rozkład punktacji

Percentyl według liczby udzielonych odpowiedzi

Procent ludzi z każdym wynikiem

Twoja historia wyników

Nie rozwiązałeś tego quizu